| 000 | 00369 a2200109 4500 | ||
|---|---|---|---|
| 001 | ART_6852 | ||
| 005 | 20260410161621.0 | ||
| 008 | 260409a | ||
| 245 | 1 | 0 | _aInspección General de Justicia- Declaración jurada de actualización de datos (Res. Gral. (IGJ) 01/2010) |
| 100 | 1 | _aPiñeiro, Horacio | |
| 773 | 0 |
_tEnfoques _g- Nº 8 (ago. 2010) _wREV416 |
|
| 999 |
_c11575 _d11575 |
||